| 000 | 01192nam1a2200289 i 4500 | ||
|---|---|---|---|
| 001 | RU\NLR\BIBL_A\011368738 | ||
| 005 | 20260405221236.0 | ||
| 010 |
_a9785815914056 _bобщ. |
||
| 035 | _a(NLR Aleph) 011368738 | ||
| 090 |
_a11338595 _c11338595 |
||
| 100 | _a20170320g20169999m y0rusy50 ca | ||
| 101 | 0 | _arus | |
| 102 | _aRU | ||
| 105 | _a z | ||
| 200 | 1 |
_aДневник, 1873-1882 _fДмитрий Алексеевич Милютин |
|
| 210 |
_aМосква _cЗахаров _cиздатель Ирина Евг. Богат _d2016 |
||
| 215 | _d21 | ||
| 600 | 1 |
_aМилютин _bД.А. _f1816 - 1912 _gДмитрий Алексеевич _jДневники _92230802 _3RU\NLR\auth\661338953 |
|
| 607 |
_aРоссия _jВоспоминания, записки и т.п. _xИстория _z19 в. _92086774 _3RU\NLR\auth\661262919 |
||
| 686 | 1 | _aТ3(2)52,013 | |
| 686 | 1 | _aЦ4,8(2)243дМилютин | |
| 700 | 1 |
_8rus _7ca _aМилютин _bД. А. _cвоенный и гос. деятель _f1816-1912 _gДмитрий Алексеевич _3RU\NLR\AUTH\7799588 _982514 |
|
| 852 |
_aNLR _j2017-3/6745 |
||
| 942 | _cBOOK | ||
| 980 | _aNBR | ||